Central Library || Chittagong University

Polychaete worms of the family paraonidae cerruti, 1909, polychaeta, sedentaria. (Record no. 110861)

MARC details
000 -LEADER
fixed length control field 00505nam a22001697a 4500
003 - CONTROL NUMBER IDENTIFIER
control field BD-ChCU
005 - DATE AND TIME OF LATEST TRANSACTION
control field 20260111113232.0
008 - FIXED-LENGTH DATA ELEMENTS--GENERAL INFORMATION
fixed length control field 260111b bg ||||| |||| 00| 0 ben d
040 ## - CATALOGING SOURCE
Transcribing agency BD-ChCU
082 ## - DEWEY DECIMAL CLASSIFICATION NUMBER
Classification number 595.147 STP
100 ## - MAIN ENTRY--PERSONAL NAME
Personal name Strelzov,, V. E.
9 (RLIN) 18900
245 ## - TITLE STATEMENT
Title Polychaete worms of the family paraonidae cerruti, 1909, polychaeta, sedentaria.
Statement of responsibility, etc. V. E. Strelzov.
260 ## - PUBLICATION, DISTRIBUTION, ETC.
Place of publication, distribution, etc. New Delhi.
Name of publisher, distributor, etc. Oxonian Press.
Date of publication, distribution, etc. 1979
300 ## - PHYSICAL DESCRIPTION
Extent xix, 212p
650 #0 - SUBJECT ADDED ENTRY--TOPICAL TERM
Topical term following geographic name entry element Invertebrates.
9 (RLIN) 18902
942 ## - ADDED ENTRY ELEMENTS (KOHA)
Source of classification or shelving scheme Dewey Decimal Classification
Koha item type Books
Suppress in OPAC No
Holdings
Withdrawn status Lost status Source of classification or shelving scheme Damaged status Not for loan Home library Current library Shelving location Date acquired Source of acquisition Total Checkouts Full call number Barcode Date last seen Copy number Price effective from Koha item type
    Dewey Decimal Classification     Chittagong University Library Chittagong University Library Science Reading Room 01/11/2026 Purchase   595.147 STP 110863 01/11/2026 C-1 01/11/2026 Books
    Dewey Decimal Classification     Chittagong University Library Chittagong University Library Science Reading Room 01/11/2026 Purchase   595.147 STP 112346 01/11/2026 C-2 01/11/2026 Books
© Copyright 2025. Chittagong University Library, Installation and Maintenance by Prof. Dr. Md. Alamgir, 01711306253